Statistics for All Formula 1 drivers 2020 - now

Click here to take the quiz!

General Stats

  • This quiz has been taken 26 times
  • The average score is 31 of 33

Answer Stats

RacesYearsDriver% Correct
80 2019 - 2020, 2022 - nowAlexander Albon
100%
181 2015 - nowCarlos Sainz Jr.
100%
121 2018 - nowCharles Leclerc
100%
237 2011 - nowDaniel Ricciardo
100%
131 2016 - 2018, 2020 - nowEsteban Ocon
100%
375 2001, 2003 - 2018, 2021 - nowFernando Alonso
100%
102 2019 - nowGeorge Russell
100%
1612014, 2016 - 2020, 2022 - nowKevin Magnussen
100%
3492001 - 2021Kimi Räikkönen
100%
141 2017 - nowLance Stroll
100%
102 2019 - nowLando Norris
100%
330 2007 - nowLewis Hamilton
100%
183 2015 - nowMax Verstappen
100%
201 2010, 2012 - 2020, 2022 - nowNico Hülkenberg
100%
2992007 - 2022Sebastian Vettel
100%
255 2011 - nowSergio Perez
100%
61 2021 - nowYuki Tsunoda
100%
42 2022 - nowGuanyu Zhou
96%
20 2023 - nowLogan Sargeant
96%
432021 - 2022Mick Schumacher
96%
20 2023 - nowOscar Piastri
96%
128 2017 - nowPierre Gasly
96%
220 2013 - nowValtteri Bottas
96%
212021Nikita Mazepin
92%
1792009, 2012 - 2015, 2016 - 2020Romain Grosjean
92%
52023Liam Lawson
88%
112022 - 2023Nyck De Vries
88%
612020 - 2022Nicholas Latifi
84%
1102014 - 2017, 2019 - 2020Daniil Kvyat
76%
622017, 2019 - 2021Antonio Giovinazzi
72%
992006 - 2010, 2019, 2021Robert Kubica
72%
22020Pietro Fittipaldi
60%
12020Jack Aitken
56%

Score Distribution

Percentile by Number Answered

Percent of People with Each Score

Your Score History

You have not taken this quiz